00999 a2200169 45000010006000000050017000060080041000230030015000640400040000790800079001192450034001982640034002323000025002665050484002911000033007757000021008082252120260407155516.0260407a1969 arg spa dAR-UNSa-BCEJYS aAR-UNSa-BCEJYSbspacAR-UNSa-BCEJYS a336.226.3xImpuestos por el uso de los ingresos. Impuestos al consumo. IVA10aEl impuesto al valor agregado 1aBuenos Aires :bDepalmac1969 axvii, 266 p.c23 cm. a1. Conceptos generales - 2. Experiencias concretas del impuesto al valor agregado - 3. Concepto y técnicas de aplicación del impuesto al valor agregado - 4. El problema de la traslación del impuesto - 5. Justificación teórica del impuesto a las ventas - 6. Efectos económicos del impuesto al valor agregado con relación a otras formas opcionales - 7. El problema del impuesto a las ventas en la comunidad europea - 8. Problemas transitorios de la reforma en Italia.1 aGiuliani Fonrouge, Carlos M.1 aCosciani, Cesare